000 00852nam a2200241Ia 4500
003 OSt
005 20220923224251.0
006 a|||||r|||| 00| 0
007 ta
008 220922b |||||||| |||| 00| 0 hin d
024 _a230,160
037 _cTextual
040 _aARTS
_cARTS
_bhin
041 _2hin
_ahin
082 _aO157v, 152P4
100 _aसेन, सुकुमार; जैन, निर्मला, अनु.
245 0 _aबाड्ला साहित्य का इतिहास
246 _aBāḍlā sāhitya kā itihāsa
260 _aनई दिल्ली
_b साहित्य अकादमी
_c2004
300 _a395पृ.
_ccm.
942 _hO157v, 152P4
_cTEXL
_2CC
999 _c370281
_d370281